| 000 | 00437nam a22001577a 4500 | ||
|---|---|---|---|
| 005 | 20260311180916.0 | ||
| 008 | 260311b |||||||| |||| 00| 0 eng d | ||
| 020 | _a9780073222974 | ||
| 050 |
_aHB171.5 _b.C788 |
||
| 100 | _aColander, David C. | ||
| 245 |
_aEconomics _cDavid C. Colander |
||
| 250 | _a6th ed. | ||
| 260 |
_aBoston _bMcGraw-Hill/Irwin _c2006 |
||
| 300 |
_axxxvi. 837p. _bill. some color _c26cm |
||
| 942 |
_2lcc _cBK _e6th ed. _n0 |
||
| 999 |
_c8951 _d8951 |
||